Guildes de Fairy Tail - Statistics

General Stats
  • This quiz has been taken 51 times
  • The average score is 20 of 38
Answer Stats
Aide Réponse % Correct
Officielle Fairy Tail
98%
Guilde gagnante aux 8èmes Grands Jeux Intermagiques Fairy Tail
98%
Officielle Lamia Scale
88%
Dissoute Nouvelle Oracion Seis
86%
Clandestine Oracion Seis
86%
1er maître de Fairy Tail Mavis
81%
Clandestine Grimoire Heart
79%
Officielle Blue Pegasus
77%
Officielle Sabertooth
77%
3ème maître de Fairy Tail Makarof
74%
6ème maître de Fairy Tail Makarof
74%
5ème maître de Fairy Tail Gildarts
72%
Clandestine Tartaros
72%
Maître de Grimoire Heart Hadès
70%
2ème maître de Sabertooth Sting
67%
4ème maître de Fairy Tail Makao
65%
Officielle Mermaid Heel
65%
Forme 2 du maître d'Oracion Seis Zéro
65%
Maître de Blue Pegasus Bob
63%
7ème maître de Fairy Tail Erza
63%
Forme 1 du maître d'Oracion Seis Brain
60%
Maître de Tartaros E.N.D / Natsu Dragnir / Mard Geer
51%
Dissoute Raven Tail
51%
Maître de la Nouvelle Oracion Seis Midnight
49%
Dissoute Phantom Lord
49%
Officielle Crime Sorcière
47%
Secte de magie noire Avatar
37%
1ere guilde à avoir existé Magia Dragon
35%
1er maître de Sabertooth Jienma
33%
Dissoute Blue Skull
26%
Dissoute Red Lizard
23%
Dissoute Cait Shelter
21%
Maître de Lamia Scale Obaba
12%
Officielle Diabolos
7%
Maître de Magia Dragon Elefseria
7%
2ème maître de Fairy Tail Presht
5%
Officielle Cuatro Cerberos
0%
Clandestine Eisenwalt
0%
No matching quizzes found
Score Distribution
Percent of People with Each Score
Percentile by Number Answered
Your Score History
You have not taken this quiz